书目信息 |
| 题名: |
看不见的女性
|
|
| 作者: | 卡罗琳·克里亚多·佩雷斯 著 ;詹涓 译 | |
| 分册: | ||
| 出版信息: | 北京 新星出版社 2022.08 |
|
| 页数: | 390页 | |
| 开本: | 20cm | |
| 丛书名: | ||
| 单 册: | ||
| 中图分类: | C913.68 | |
| 科图分类: | ||
| 主题词: | 社会生活 , 社会问题 | |
| 电子资源: | ||
| ISBN: | 7-5133-4961-4 | |
| 000 | 00729nam0 2200217 450 | |
| 001 | 2258223382 | |
| 005 | 20220907161457.25 | |
| 010 | @a7-5133-4961-4@dCNY69.00 | |
| 100 | @a20220907d2022 km y0chiy0120 ea | |
| 101 | 0 | @achi |
| 102 | @aCN | |
| 200 | 1 | @a看不见的女性@AKan Bu Jian De Nu Xing@f(英)卡罗琳·克里亚多·佩雷斯著@F(Ying)Ka Luo Lin·Ke Li Ya Duo·Pei Lei Si Zhu@g詹涓译@GZhan Juan Yi |
| 210 | @a北京@c新星出版社@d2022.08 | |
| 215 | @a390页@d20cm | |
| 606 | 0 | @a社会生活 |
| 606 | 0 | @a社会问题 |
| 690 | @aC913.68@v4 | |
| 701 | 0 | @a卡罗琳·克里亚多·佩雷斯@AKa Luo Lin·Ke Li Ya Duo·Pei Lei Si@4著 |
| 702 | 0 | @a詹涓@AZhan Juan@4译 |
| 801 | 0 | @aCN@b大连网信软件有限公司图书馆·11@c20220907 |
| 905 | @aZUCC@dC913.68@e1815 | |
| 看不见的女性/(英)卡罗琳·克里亚多·佩雷斯著/詹涓译.-北京:新星出版社,2022.08 |
| 390页;20cm |
| ISBN 7-5133-4961-4:CNY69.00 |
| ● |
| 相关链接 |
|
|
|
|
正题名:看不见的女性
索取号:C913.68/1815
 
预约/预借
| 序号 | 登录号 | 条形码 | 馆藏地/架位号 | 状态 | 备注 |
| 1 | 1056759 | 210567590 | 第一样本阅览室/ [索取号:C913.68/1815] | 在馆 |